| 000 | 00790nam a2200217 i 4500 | ||
|---|---|---|---|
| 001 | 20578 | ||
| 003 | ES-MaACL | ||
| 005 | 20251003063037.0 | ||
| 007 | t| | ||
| 008 | 021114s1889 sp ||||1| spa d | ||
| 100 | 1 |
_aAhrens, Heinrich, _d1808-1874 _918949 |
|
| 245 | 1 | 0 |
_aCurso de derecho natural ó de filosofía del derecho / _cpor E. Ahrens ; traducida por Pedro Rodríguez Hortelano y Mariano Ricardo de Asensi. |
| 260 |
_aTetuan de Chamartín (Madrid) : _bCarlos Bailly Balliére, _c1889. |
||
| 300 |
_aXV, 694 p. ; _c23 cm. |
||
| 650 | 0 | 7 |
_aDerecho natural _2embne _911744 |
| 650 | 4 |
_aDerecho- _xFilosofía _911620 |
|
| 700 | 1 |
_aRodríguez Hortelano, Pedro. _998578 |
|
| 700 | 1 |
_aRicardo de Asensi, Mariano. _996855 |
|
| 852 |
_aES-MaACL _jB-5615 |
||
| 999 |
_c20578 _d20578 |
||